=LDR 00000nam 2200000 4500 =001 INLIS000000000028135 =005 20130612130448 =008 ***********************************Ind** =035 ##$$0010-061300000028135 =041 ##$$a Ind =082 ##$$a 641.303 =090 ##$$a 641.303, Agu m =100 ##$$a Agus S, Dina =245 ##$$a Memilih dan mengolah sayur6cDina Agoes S =260 ##$$a 1995 $b Jakarta =300 ##$$a viii, 99 hlm, ilus, 21 cm =650 ##$$a Sayur =850 ##$$a NBPNMAT